| 000 | 00920nam a2200217 i 4500 | ||
|---|---|---|---|
| 001 | 154020 | ||
| 003 | ES-MaACL | ||
| 005 | 20250726075510.0 | ||
| 008 | 051018s1893 fr | |||||||| ||fre d | ||
| 040 |
_aCAM _bspa _cCAM |
||
| 100 | 1 |
_aFavre, Edouard. _9127022 |
|
| 245 | 1 | 0 |
_aEudes _b: comte de Paris et roi de France (882-889) / _cpar Edouard Favre. |
| 260 |
_aParis : _bEmile Bouillon éditeur, _c1893 ( _eRennes : _fImp. A. le Roy) |
||
| 300 |
_aXXV, 284 p. ; _c24 cm. |
||
| 490 | 1 |
_aBibliothèque de l'Ecole des Hautes Etudes. Sciences Philologiques et Historiques ; _v1893 |
|
| 594 | _aPrecede al tit.: Annales de l'Histoire de France a l'époque carolingienne. | ||
| 600 | 1 | 4 |
_aEudes _cRey de Francia. _9126982 |
| 830 | 0 | 0 |
_aBibliothèque de l'École des Hautes Études. Sciences historiques et philologiques _v1893 _9229685 |
| 852 |
_aES-MaACL _jC-7620 _z-- Enc. hol. |
||
| 999 |
_c154020 _d154020 |
||